000 00999nam a2200289 4500
003 DO-SdBPM
005 20251015094030.0
007 ta
008 161121b1985 sp ||| 00| 0 spa d
020 _a847515476X
040 _aDO-SdBPM
_bspa
_cBPMSU
_e rda
_drda
082 4 _aR372.403
_bI24H 1985
_222
100 1 _aIglesia, Saro de la
245 1 0 _aEnciclopedia Abrete Sesamo :
_bel libro de la H /
_c Saro de la Iglesia ; ilustraciones J. L. fernán
264 _aMadrid , España :
_bMontena- Orby ,
_c1985
300 _avarias paginaciones
_bilustraciones ;
_c26 cm
336 _atexto
_btxt
_2rdacontent
337 _asin mediación
_bn
_2rdamedia
338 _avolumen
_bnc
_2rdacarrier
590 _aInventariado, 2025/VM
650 4 _aEducación preescolar
_vEnciclopedias.
650 4 _aLectura
_xEnseñanza
_vDiccionario
650 4 _aLibros y lecturas para niños
700 1 _aFernán, J. L.
_eilustraciones
910 _aVMateo V. Control de calidad. BPMSU
942 _2ddc
_cBK
999 _c15440
_d15440